LEADER 01245nam0-22003971i-450- 001 990006204880403321 005 20140723193129.0 035 $a000620488 035 $aFED01000620488 035 $a(Aleph)000620488FED01 035 $a000620488 100 $a20140723d1977----km-y0itay50------ba 101 0 $aita 102 $aIT 105 $ay-------001yy 200 1 $a<>Mezzogiorno negli anni della Repubblica$fa cura di Giampiero Mughini 210 $a[Roma]$cMondoperaio-edizioni Avanti$dc1977 215 $aLXI, 446 p.$d21 cm 225 1 $aQuaderni di Mondoperaio$iN. S.$v6 300 $aSupplemento a : Mondoperaio : rivista mensile / del Partito Socialista Italiano, n. 5 (maggio 1977) 610 0 $aItalia meridionale 676 $a945.7092$v20$zita 702 1$aMughini,$bGiampiero 801 0$aIT$bUNINA$gRICA$2UNIMARC 901 $aBK 912 $a990006204880403321 952 $aF/1.4113 MEZ/77$b8646/I$fSES 952 $aXXVII 750$b29$fDDCIC 952 $aVII F 283 (6)$b26857*$fFGBC 952 $aVII F 283 (6)$b26857*$fFGBC 952 $aSEZ.NA B 1318$b6821$fFARBC 959 $aDDCIC 959 $aFGBC 959 $aFARBC 996 $aMezzogiorno negli anni della Repubblica$9306173 997 $aUNINA LEADER 00953nam0-22003131i-450- 001 990003984610403321 005 20040512103916.0 010 $a1-84064-911-9 035 $a000398461 035 $aFED01000398461 035 $a(Aleph)000398461FED01 035 $a000398461 100 $a20031204d2003----km-y0itay50------ba 101 0 $aeng 102 $aGB 105 $aa-------001yy 200 1 $aRecent developments in transport economics$fedited by Kenneth Button 210 $aCheltenham ; Northampton [Mass.]$cEdward Elgar$dc2003 215 $axix, 720 p.$d25 cm 225 1 $a<>international library of critical writings in economics 610 0 $aEconomia dei trasporti 702 1$aButton,$bKenneth$f<1948- > 801 0$aIT$bUNINA$gRICA$2UNIMARC 901 $aBK 912 $a990003984610403321 952 $aH/3.1 REC$b20237$fSES 959 $aSES 996 $aRecent developments in transport economics$9474231 997 $aUNINA LEADER 01652oam 2200445 a 450 001 9910701368603321 005 20141125164944.0 035 $a(CKB)5470000002417380 035 $a(OCoLC)794596428$z(OCoLC)822263774 035 $a(EXLCZ)995470000002417380 100 $a20120601d2012 ua 0 101 0 $aeng 135 $aurmn||||||||| 181 $ctxt$2rdacontent 182 $cc$2rdamedia 183 $acr$2rdacarrier 200 10$aModeling wind adjustment factor and midflame wind speed for Rothermel's surface fire spread model /$fPatricia L. Andrews 210 1$aFort Collins, CO :$cU.S. Dept. of Agriculture, Forest Service, Rocky Mountain Research Station,$d[2012] 215 $a1 online resource (39 pages) $ccolor illustrations 225 1 $aGeneral technical report RMRS ;$vGTR-266 300 $aTitle from title screen (viewed on June 1, 2012). 300 $a"January 2012." 320 $aIncludes bibliographical references (pages 38-39). 606 $aWinds$xSpeed$xMeasurement$xMathematical models 606 $aWildfires 606 $aWildfires$2fast 606 $aWinds$xSpeed$xMeasurement$xMathematical models$2fast 615 0$aWinds$xSpeed$xMeasurement$xMathematical models. 615 0$aWildfires. 615 7$aWildfires. 615 7$aWinds$xSpeed$xMeasurement$xMathematical models. 700 $aAndrews$b Patricia L$0440565 801 0$bGPO 801 1$bGPO 801 2$bOCLCF 801 2$bGPO 906 $aBOOK 912 $a9910701368603321 996 $aModeling wind adjustment factor and midflame wind speed for Rothermel's surface fire spread model$93499068 997 $aUNINA